[Event "Chigorin Memorial 2014"]
[Site "St Petersburg RUS"]
[Date "2014.10.23"]
[Round "6.66"]
[White "Abdusattorova, Bakhora"]
[Black "Gritsayeva, Oksana"]
[Result "1/2-1/2"]
[WhiteTitle "WFM"]
[BlackTitle "WFM"]
[WhiteElo "2102"]
[BlackElo "2364"]
[WhiteFideId "14204126"]
[BlackFideId "14104652"]
[EventDate "2014.10.18"]

1. d4 d5 2. c4 e6 3. Nc3 Be7 4. cxd5 exd5 5. Bf4 c6 6. e3 Bf5 7. Bd3 Bxd3 8.
Qxd3 Nf6 9. Nf3 Nbd7 10. O-O O-O 11. h3 a6 12. Rad1 Re8 13. Ne5 Nf8 14. Bh2 Ng6
15. b3 Bd6 16. Nxg6 hxg6 17. Bxd6 Qxd6 18. Na4 Re7 19. Nc5 Rae8 20. Rc1 Ne4 21.
b4 g5 22. Rfe1 f5 23. Nxe4 fxe4 24. Qd2 Re6 25. a3 g4 26. hxg4 Rh6 27. g3 Qe6
28. Qe2 Rf8 29. Kg2 Rf3 30. Rh1 Qxg4 31. Rc2 Rg6 32. Rh3 Rgf6 33. Qe1 R3f5 34.
Rh4 Qf3+ 35. Kg1 Rg5 36. Rh3 Qf5 37. Kg2 Rh6 38. Rxh6 gxh6 39. Qe2 Rh5 40. g4
Rg5 41. Kh3 Rh5+ 42. Kg2 Qg5 43. f4 exf3+ 44. Qxf3 Rh4 45. Kf1 Rxg4 46. Rf2 Rg1+
47. Ke2 Qg4 48. Qxg4+ Rxg4 49. Rf6 h5 50. Kf3 Kg7 51. Rd6 Kh7 52. Rf6 Rg1 53.
Re6 Rg6 54. Re7+ Rg7 55. Re5 Kh6 56. Kf4 h4 57. Re6+ Rg6 58. Re8 Kh7 59. Re7+
Rg7 60. Re5 Kg6 61. Re6+ Kh5 62. Re5+ Kh6 63. Re6+ Rg6 64. Re8 Kh7 65. Re7+ Rg7
66. Re5 Kg8 67. Re8+ 1/2-1/2

[Event "Chigorin Memorial 2014"]
[Site "St Petersburg RUS"]
[Date "2014.10.23"]
[Round "6.67"]
[White "Vorobjev, Dmitry"]
[Black "Akkozov, Berik"]
[Result "0-1"]
[BlackTitle "IM"]
[WhiteElo "2199"]
[BlackElo "2361"]
[WhiteFideId "24112178"]
[BlackFideId "13704214"]
[EventDate "2014.10.18"]

1. e4 c5 2. Nf3 d6 3. d4 cxd4 4. Nxd4 Nf6 5. Nc3 a6 6. Bg5 Nbd7 7. Qe2 h6 8. Bh4
Qc7 9. O-O-O g5 10. Bg3 e6 11. h4 Rg8 12. hxg5 hxg5 13. f3 Ne5 14. Nb3 b5 15.
Bf2 Bd7 16. g3 Rc8 17. a3 Nc4 18. Bd4 e5 19. Nd5 Nxd5 20. exd5 Be7 21. Bf2 Bf5
22. Rd3 a5 23. Rc3 Qb7 24. g4 Bg6 25. Nxa5 Qxd5 26. Nxc4 Rxc4 27. Rxc4 bxc4 28.
Qxc4 Qxf3 29. Qc8+ Bd8 30. Bb5+ Kf8 31. Rf1 Kg7 32. Be1 Qe3+ 33. Bd2 Qxd2+ 34.
Kxd2 Ba5+ 35. Qc3 Bxc3+ 36. bxc3 Rh8 37. a4 Rh2+ 38. Be2 Bxc2 39. Kxc2 Rxe2+ 40.
Kb3 Rg2 41. a5 Rxg4 42. a6 Rh4 43. a7 Rh8 44. Kc4 Ra8 45. Ra1 e4 46. Kd5 e3 47.
Kxd6 e2 48. Re1 Rxa7 49. Rxe2 f5 50. c4 f4 51. c5 f3 52. Rf2 g4 53. Ke5 Rf7 54.
c6 g3 55. c7 g2 56. c8=Q g1=Q 57. Ke4 Qe1+ 58. Kd5 Qxf2 59. Qg4+ Kf6 60. Qe6+
Kg5 0-1

[Event "Chigorin Memorial 2014"]
[Site "St Petersburg RUS"]
[Date "2014.10.23"]
[Round "6.68"]
[White "Golubov, Saveliy"]
[Black "Tarasov, Alexandr"]
[Result "1-0"]
[WhiteElo "2347"]
[BlackElo "2191"]
[WhiteFideId "24176729"]
[BlackFideId "24128600"]
[EventDate "2014.10.18"]

1. e4 e6 2. d4 d5 3. Nc3 Nf6 4. e5 Nfd7 5. f4 c5 6. Nf3 Nc6 7. Ne2 Qb6 8. c3 f6
9. a3 cxd4 10. Nexd4 fxe5 11. fxe5 Nc5 12. Qc2 Nxd4 13. Nxd4 Bd7 14. a4 Qc7 15.
Nf3 g6 16. Be3 b6 17. Bd4 Bg7 18. b4 Ne4 19. Bd3 O-O 20. O-O a5 21. b5 Nc5 22.
Rae1 Rf7 23. g3 Raf8 24. Kg2 Be8 25. h4 Bd7 26. h5 Ne4 27. c4 Bc8 28. hxg6 hxg6
29. cxd5 Qxc2+ 30. Bxc2 exd5 31. Bb3 Be6 32. Bxb6 Rxf3 33. Rxf3 Rxf3 34. Kxf3
Nd2+ 35. Ke3 Nxb3 36. Kd3 Bf8 37. Rf1 Bb4 38. Kc2 Nd2 39. Rf6 Bf5+ 40. Kd1 Ne4
41. Rc6 Nc3+ 42. Kc1 d4 43. Bc5 d3 44. Bxb4 axb4 45. b6 Nb1 46. Rd6 d2+ 47. Rxd2
Nxd2 48. b7 1-0

[Event "Chigorin Memorial 2014"]
[Site "St Petersburg RUS"]
[Date "2014.10.23"]
[Round "6.69"]
[White "Demianjuk, Alexander"]
[Black "Zhikharev, Valeriy"]
[Result "1-0"]
[WhiteElo "2342"]
[BlackElo "2188"]
[WhiteFideId "4134249"]
[BlackFideId "4161920"]
[EventDate "2014.10.18"]

1. d4 e6 2. Nf3 f5 3. c4 Nf6 4. g3 d5 5. Bf4 Bd6 6. Bxd6 cxd6 7. cxd5 Nxd5 8.
Bg2 Bd7 9. O-O O-O 10. Nc3 Bc6 11. Qb3 Qe7 12. e3 Nd7 13. Rfc1 Rfc8 14. a4 a5
15. Nd2 Nxc3 16. Rxc3 Bxg2 17. Kxg2 Rxc3 18. Qxc3 Nb6 19. e4 fxe4 20. Nxe4 Qd7
21. b3 Nd5 22. Qd2 Qc6 23. Rc1 Nc3 24. d5 Qxd5 25. Qxd5 Nxd5 26. Nxd6 b6 27. Rc6
Rb8 28. Ne4 b5 29. axb5 Kf8 30. Ng5 Rxb5 31. Nxe6+ Kg8 32. Rc5 Rxc5 33. Nxc5 Nb4
34. Kf3 Kf7 35. Ke4 Ke7 36. Nd3 Nc2 37. Kd5 Kd7 38. h4 Kc7 39. Kc5 Kd7 40. Kd5
Kc7 41. Kc5 Kd7 42. Ne5+ Ke6 43. Nc6 Ne1 44. Kd4 Nf3+ 45. Ke3 Nh2 46. Nxa5 Kd5
47. Nc4 Ng4+ 48. Kf3 Nf6 49. Ne3+ Kc5 50. Nc2 Kd5 51. Kf4 Ne4 52. Ne3+ Kd4 53.
Nf5+ Kd5 54. f3 Nd2 55. Nxg7 Nxb3 56. g4 Nd4 57. h5 Ne2+ 58. Ke3 Nd4 59. g5 1-0

[Event "Chigorin Memorial 2014"]
[Site "St Petersburg RUS"]
[Date "2014.10.23"]
[Round "6.70"]
[White "Timerkhanov, Alexander"]
[Black "Denishev, Marat"]
[Result "1-0"]
[WhiteTitle "FM"]
[WhiteElo "2324"]
[BlackElo "2183"]
[WhiteFideId "24177938"]
[BlackFideId "24131563"]
[EventDate "2014.10.18"]

1. d4 Nf6 2. Bg5 Ne4 3. h4 c5 4. d5 Qb6 5. Nd2 Nxg5 6. hxg5 Qxb2 7. g6 fxg6 8.
e3 e6 9. Bd3 exd5 10. Bxg6+ Kd8 11. Bf7 Nc6 12. Bxd5 d6 13. Rb1 Qe5 14. Bf3 Kc7
15. Rh5 Qe8 16. Nc4 g6 17. Rd5 Qd8 18. Ne2 Be6 19. Nf4 Bxd5 20. Qxd5 Qd7 21.
Ne6+ Kc8 22. Nxf8 1-0

[Event "Chigorin Memorial 2014"]
[Site "St Petersburg RUS"]
[Date "2014.10.23"]
[Round "6.71"]
[White "Baraeva, Irina"]
[Black "Musaev, Rasul"]
[Result "0-1"]
[WhiteTitle "WIM"]
[BlackTitle "FM"]
[WhiteElo "2197"]
[BlackElo "2316"]
[WhiteFideId "24142565"]
[BlackFideId "24146870"]
[EventDate "2014.10.18"]

1. d4 g6 2. c4 Bg7 3. Nc3 c5 4. Nf3 cxd4 5. Nxd4 Nc6 6. Nc2 d6 7. e4 Bxc3+ 8.
bxc3 Qa5 9. Qd3 Nf6 10. f3 Be6 11. Be2 Rc8 12. Ne3 Qc5 13. Rb1 Ne5 14. Qd4 b6
15. Qxc5 Rxc5 16. Rb4 Ra5 17. a3 Rc5 18. Bd2 Nc6 19. Rb5 Na5 20. Kf2 Nd7 21. f4
f5 22. exf5 gxf5 23. Nd5 Kd8 24. Rxc5 Nxc5 25. Be3 Nab7 26. Bf3 Kd7 27. Bd4 Rc8
28. Ke3 Na5 29. Be2 Na4 30. Nb4 Bxc4 31. Nd3 Nc5 32. Bxc5 bxc5 33. Rb1 e6 34. g3
Kc7 35. Bf3 Bxd3 36. Kxd3 Rb8 37. Rxb8 Kxb8 38. g4 Kc7 39. gxf5 exf5 40. Bd5 Nc6
41. Be6 Ne7 42. c4 h6 43. Kd2 Kd8 44. Kd3 Ke8 45. Ke3 Kf8 46. Kf3 Kg7 47. Bd7
Kf6 48. Ba4 d5 49. cxd5 Nxd5 50. Bb3 Nc3 51. Bc4 Nb1 52. Ke3 Nxa3 53. Bd3 Ke6
54. Kd2 c4 55. Be2 Kd5 56. Kc3 a5 57. Bf3+ Kc5 0-1

[Event "Chigorin Memorial 2014"]
[Site "St Petersburg RUS"]
[Date "2014.10.23"]
[Round "6.72"]
[White "Savinov, Leonid"]
[Black "Basso, Pier Luigi"]
[Result "1/2-1/2"]
[BlackTitle "FM"]
[WhiteElo "2184"]
[BlackElo "2312"]
[WhiteFideId "4166264"]
[BlackFideId "866970"]
[EventDate "2014.10.18"]

1. d4 d6 2. e4 Nf6 3. Nc3 g6 4. Nf3 Bg7 5. Be2 O-O 6. O-O c6 7. Bg5 h6 8. Bf4
Nbd7 9. h3 Nh5 10. Bh2 e5 11. dxe5 dxe5 12. Qd6 Qf6 13. Qxf6 Bxf6 14. Rfd1 Re8
15. Nd2 Nf4 16. Bf1 Ne6 17. Nc4 Nd4 18. Rac1 b5 19. Nd6 Re6 20. Nxc8 Rxc8 21.
Ne2 Nc5 22. c3 Nxe2+ 23. Bxe2 Ree8 24. f3 Rcd8 25. Kf1 Na4 26. Rc2 Rxd1+ 27.
Bxd1 Nb6 28. Be2 Rd8 29. Bg1 Nc8 30. Be3 Bg5 31. Bxg5 hxg5 32. Ke1 Kf8 33. Rd2
Nd6 34. Rd1 Ke7 35. Kf2 f5 36. exf5 gxf5 37. g3 Rh8 38. Kg2 Ke6 39. Bd3 e4 40.
fxe4 fxe4 41. Be2 Ke5 42. b3 a5 43. Bg4 a4 44. Bd7 axb3 45. axb3 Ra8 46. Bxc6
Ra2+ 47. Kf1 Nf5 48. Rd5+ Kf6 49. Kg1 Ra1+ 50. Kh2 Ra2+ 51. Kg1 Ra1+ 52. Kh2 e3
53. Bxb5 e2 54. Bxe2 Ra2 55. g4 Rxe2+ 56. Kg1 Ne3 57. Rc5 Rg2+ 58. Kh1 Rb2 59.
b4 Nd1 60. Kg1 Rc2 61. c4 Nc3 62. Rf5+ Kg6 63. Rf2 Rc1+ 64. Rf1 Rc2 65. Rf2 Rc1+
66. Rf1 1/2-1/2

[Event "Chigorin Memorial 2014"]
[Site "St Petersburg RUS"]
[Date "2014.10.23"]
[Round "6.73"]
[White "Mishuchkov, Nikolai M."]
[Black "Vunder, Andrey"]
[Result "1-0"]
[WhiteTitle "IM"]
[WhiteElo "2310"]
[BlackElo "2181"]
[WhiteFideId "4102401"]
[BlackFideId "4128338"]
[EventDate "2014.10.18"]

1. d4 d5 2. Nf3 Nf6 3. c4 e6 4. Nc3 c5 5. cxd5 cxd4 6. Nxd4 Nxd5 7. Ndb5 a6 8.
Nxd5 exd5 9. Nd4 Be7 10. g3 O-O 11. Bg2 Bf6 12. O-O Nc6 13. Be3 Bg4 14. Re1 Re8
15. Qd2 Ne5 16. b3 Qd7 17. Rad1 Rac8 18. Bg5 Bxg5 19. Qxg5 h6 20. Qd2 Rcd8 21.
Rc1 Bh3 22. Rc3 Bxg2 23. Kxg2 Rc8 24. Rec1 Ng6 25. Nf3 Rxc3 26. Rxc3 Ne5 27. Nd4
Rc8 28. Rxc8+ Qxc8 29. Qf4 Qe8 30. Qe3 Qe7 31. f4 Nc6 32. Qxe7 Nxe7 33. Kf3 Kf8
34. f5 Nc6 35. Nxc6 bxc6 36. e4 dxe4+ 37. Kxe4 Ke7 38. b4 h5 39. Ke5 Kd7 40. Kd4
Kd6 41. a4 g6 42. fxg6 fxg6 43. h4 Kd7 44. Kc5 Kc7 45. a5 1-0

[Event "Chigorin Memorial 2014"]
[Site "St Petersburg RUS"]
[Date "2014.10.23"]
[Round "6.74"]
[White "Kostyuchenko, Vladimir"]
[Black "Rjabzev, Konstantin"]
[Result "0-1"]
[BlackTitle "IM"]
[WhiteElo "2169"]
[BlackElo "2310"]
[WhiteFideId "4126084"]
[BlackFideId "4150015"]
[EventDate "2014.10.18"]

1. d4 d6 2. c4 e5 3. Nf3 e4 4. Nfd2 f5 5. Nc3 Nf6 6. e3 Be7 7. f3 exf3 8. Nxf3
O-O 9. Bd3 c6 10. Qc2 d5 11. Bxf5 dxc4 12. Ne5 c5 13. O-O Nc6 14. Nxc6 bxc6 15.
Bxc8 Rxc8 16. Qa4 Kh8 17. Qxc4 Bd6 18. Bd2 Ng4 19. h3 Qh4 20. Ne4 Nxe3 21. Rxf8+
Rxf8 22. Qd3 Nf5 23. Nxd6 Nxd6 24. dxc5 Ne4 25. Be3 Rd8 26. Rf1 Ng3 27. Rf4 Qe7 0-1

[Event "Chigorin Memorial 2014"]
[Site "St Petersburg RUS"]
[Date "2014.10.23"]
[Round "6.75"]
[White "Mrykhin, Igor"]
[Black "Popov, Kirill"]
[Result "0-1"]
[WhiteElo "2151"]
[BlackElo "2303"]
[WhiteFideId "24168106"]
[BlackFideId "24157457"]
[EventDate "2014.10.18"]

1. e4 e6 2. d4 d5 3. Nd2 Nc6 4. c3 e5 5. Ngf3 exd4 6. exd5 Qxd5 7. Bc4 Qh5 8.
O-O Nf6 9. Nxd4 Qxd1 10. Rxd1 Nxd4 11. cxd4 Be6 12. Bxe6 fxe6 13. Nf3 Bd6 14.
Re1 Kd7 15. Bg5 Nd5 16. Re2 Nb4 17. Bd2 Nc6 18. Bc3 Rhe8 19. Rae1 b5 20. b3 h6
21. h4 a5 22. h5 a4 23. bxa4 b4 24. Ba1 Ra5 25. g4 Rf8 26. d5 Rxd5 27. Ne5+ Bxe5
28. Bxe5 Nxe5 29. Rxe5 Rf4 30. Rxe6 Rxg4+ 31. Kf1 Rxh5 32. Re7+ Kc8 33. R1e3 Ra5
34. a3 Rxa4 35. axb4 Raxb4 36. Rc3 Rb7 37. Ke2 Rg6 38. Rd3 Rb2+ 39. Ke3 Rbb6 40.
Re8+ Kb7 41. Rg8 Rbe6+ 42. Kf3 Rgf6+ 43. Kg3 Rf7 44. Rb3+ Rb6 45. Rc3 Rg6+ 46.
Kh3 Rf5 47. Rb3+ Kc6 48. Kh4 Rxf2 49. Rc3+ Kd7 50. Rd3+ Ke7 51. Kh3 Rf5 0-1

[Event "Chigorin Memorial 2014"]
[Site "St Petersburg RUS"]
[Date "2014.10.23"]
[Round "6.76"]
[White "Loskutov, Sviatoslav"]
[Black "Tukubayev, K"]
[Result "1-0"]
[WhiteElo "2302"]
[BlackElo "2160"]
[WhiteFideId "4143809"]
[BlackFideId "13708147"]
[EventDate "2014.10.18"]

1. d4 d5 2. c4 c6 3. cxd5 cxd5 4. Nc3 Nf6 5. Bf4 e6 6. e3 Bd6 7. Bxd6 Qxd6 8.
Bd3 O-O 9. Nf3 Nc6 10. Rc1 Bd7 11. O-O Rac8 12. a3 e5 13. dxe5 Nxe5 14. Be2 Rfd8
15. Qd4 Nc6 16. Qh4 Bg4 17. Rfd1 Bxf3 18. Bxf3 Ne5 19. Be2 Qb6 20. b4 Qe6 21.
Nb5 Qa6 22. Qd4 Nc6 23. Qb2 Qb6 24. Nc3 Ne7 25. Na4 Qd6 26. Nc5 Qb8 27. h3 b6
28. Nb3 Rxc1 29. Rxc1 Rc8 30. Bf3 Rxc1+ 31. Qxc1 Qc8 32. Qxc8+ Nxc8 33. Nd4 Kf8
34. Kf1 Ke8 35. Ke1 Kd7 36. Be2 Nd6 37. f3 Nc4 38. Bxc4 dxc4 39. Kd2 Nd5 40. g3
a6 41. e4 Nc7 42. f4 b5 43. Ke3 Ne6 44. Ne2 f6 45. Nc3 Kc6 46. g4 g5 47. f5 Nf8
48. Kd4 Nd7 49. a4 h6 50. a5 Ne5 51. Nd5 Nf3+ 52. Kc3 Ng1 53. Nxf6 Nxh3 54. e5
Nf4 55. e6 Kd6 56. Ne4+ Ke7 57. Kd4 Nd3 58. Kc3 Nf4 59. Kd4 Nd3 60. Nc3 Nxb4 61.
Ke5 Nc6+ 62. Kd5 Nb4+ 63. Kd4 Kd6 64. Ne4+ Ke7 65. Nc5 Nc6+ 66. Kc3 Nxa5 67.
Nxa6 Nc6 68. Nc7 Ne5 69. Nd5+ Kd6 70. e7 b4+ 71. Kxb4 Nc6+ 72. Kxc4 Nxe7 73.
Nxe7 Kxe7 74. Kd4 h5 75. gxh5 Kf6 76. h6 1-0

[Event "Chigorin Memorial 2014"]
[Site "St Petersburg RUS"]
[Date "2014.10.23"]
[Round "6.77"]
[White "Polyaninov, Aleksey"]
[Black "Shapfiullin, Ildar"]
[Result "1-0"]
[WhiteElo "2295"]
[BlackElo "2050"]
[WhiteFideId "4118499"]
[BlackFideId "4147146"]
[EventDate "2014.10.18"]

1. g3 g6 2. Bg2 Bg7 3. Nf3 e5 4. O-O d5 5. d3 Nc6 6. Nbd2 Nf6 7. c4 O-O 8. cxd5
Nxd5 9. a3 h6 10. e3 Qe7 11. Qc2 Be6 12. Ne4 Rad8 13. Rb1 a5 14. Bd2 Kh7 15. Nc5
Bc8 16. Nb3 a4 17. Nc5 Nb6 18. Rfc1 f5 19. Ne1 e4 20. dxe4 Ne5 21. Bb4 Qf6 22.
Rd1 Nbc4 23. Ncd3 fxe4 24. Nxe5 Nxe5 25. Bxf8 Rxf8 26. Bxe4 b5 27. b3 Ng4 28.
Nf3 Be6 29. bxa4 bxa4 30. Rd2 Bb3 31. Qxc7 Re8 32. Rd6 Re6 33. Rxe6 Qxe6 34. Qc6
Qf7 35. h3 Nf6 36. Ne5 Qe7 37. Bxg6+ Kg8 38. Qc8+ Bf8 39. Ng4 Be6 40. Nxf6+ Qxf6
41. Qe8 Bxh3 42. Rb7 Be6 43. Bh7+ Kh8 44. Be4 1-0

[Event "Chigorin Memorial 2014"]
[Site "St Petersburg RUS"]
[Date "2014.10.23"]
[Round "6.78"]
[White "Lagashin, Pavel"]
[Black "Dauletova, Gulmira"]
[Result "1/2-1/2"]
[BlackTitle "WIM"]
[WhiteElo "2138"]
[BlackElo "2293"]
[WhiteFideId "24132144"]
[BlackFideId "13702971"]
[EventDate "2014.10.18"]

1. Nf3 d5 2. d4 Nf6 3. c4 e6 4. Nc3 Be7 5. e3 O-O 6. b3 b6 7. Bd3 Bb7 8. Bb2
Nbd7 9. Qc2 c5 10. cxd5 exd5 11. O-O Qb8 12. Rad1 Bd6 13. Nb5 Be7 14. dxc5 bxc5
15. Qe2 Re8 16. Bf5 Bc6 17. Nc3 Qb7 18. Rfe1 Bf8 19. Qd3 Rad8 20. Ne2 Bb5 21.
Qc2 Bd6 22. Ng3 g6 23. Bh3 Bc6 24. Rc1 Qb6 25. Red1 Ba8 26. Qb1 Bf8 27. Qa1 Bg7
28. Bxd7 Rxd7 29. Ne5 Rdd8 30. Nd3 Rc8 31. Rc2 c4 32. Bd4 Qe6 33. Nc5 Qe7 34. b4
Red8 35. Qc3 Ne8 36. Rcd2 Bxd4 37. Rxd4 Nd6 38. Qa1 a5 39. a3 axb4 40. axb4 Rb8
41. Rb1 Qe5 42. Na6 Rbc8 43. b5 c3 44. Qa5 Qe7 45. Rc1 Qd7 46. b6 Nc4 47. Qxc3
Nxb6 48. Qe1 Qa7 49. Nb4 Qa3 50. Ra1 Qc3 51. Qxc3 Rxc3 52. h4 Nc4 53. Ne4 Rb3
54. Nxd5 Bxd5 55. Nf6+ Kg7 56. Nxd5 Ne5 57. Rc1 h5 58. e4 Rb2 59. Ra4 Nd3 60.
Rf1 Nc5 61. Rc4 Nxe4 62. Rxe4 Rxd5 63. g3 Rdd2 64. Ree1 Kf6 65. Rb1 Ke5 66. Rxb2
Rxb2 67. Ra1 f6 68. Kg2 Rd2 69. Ra3 Rd5 70. Rb3 g5 71. hxg5 fxg5 72. Rb8 g4 73.
Rb6 Ke4 74. Re6+ Kd3 75. Re8 Rf5 76. Re7 Kd4 77. Re8 Re5 78. Rxe5 Kxe5 79. f3
Kd4 80. Kf2 Kd3 81. f4 Ke4 82. Ke2 h4 83. gxh4 Kxf4 84. Kf2 g3+ 85. Kg2 Kg4 86.
h5 Kxh5 87. Kxg3 1/2-1/2

[Event "Chigorin Memorial 2014"]
[Site "St Petersburg RUS"]
[Date "2014.10.23"]
[Round "6.79"]
[White "Khanin, Semen"]
[Black "Pustovidko, Anastasia"]
[Result "1-0"]
[WhiteElo "2292"]
[BlackElo "1955"]
[WhiteFideId "4111990"]
[BlackFideId "24102547"]
[EventDate "2014.10.18"]

1. e4 c6 2. d4 d5 3. Nc3 dxe4 4. Nxe4 Bf5 5. Ng3 Bg6 6. h4 h6 7. Nf3 Nd7 8. h5
Bh7 9. Bd3 Bxd3 10. Qxd3 e6 11. Bd2 Ngf6 12. O-O-O Be7 13. Kb1 O-O 14. Ne4 Nxe4
15. Qxe4 Nf6 16. Qe2 Qd5 17. Ne5 Qe4 18. Be3 Nd5 19. Rh3 Nf4 20. Qg4 Bg5 21.
Bxf4 Qxf4 22. Qe2 Rad8 23. Rhd3 Bf6 24. g3 Qf5 25. f4 Rd5 26. Qf3 Bxe5 27. dxe5
g5 28. hxg6 fxg6 29. Qe3 a6 30. Qb6 Rxd3 31. Rxd3 Qxe5 32. a4 Qe1+ 33. Ka2 Qe4
34. Qxb7 Qxa4+ 35. Kb1 Qa5 36. Qxc6 Qe1+ 37. Ka2 g5 38. fxg5 hxg5 39. Qc5 Rf5
40. Rd8+ Kf7 41. Qc7+ Kg6 42. c3 Qe4 43. Rd4 Qe5 44. Qc6 Qxg3 45. Qxe6+ Rf6 46.
Qg8+ Kh5 47. Qh8+ Rh6 48. Qe8+ Rg6 49. Rd1 Qf3 50. Rd6 Qf5 51. Rxa6 Qd5+ 52. b3
Qd2+ 53. Ka3 Qc1+ 54. Kb4 Qf4+ 55. c4 Qf5 56. Qxg6+ Qxg6 57. Rxg6 Kxg6 58. c5
Kf6 59. Kc4 Ke5 60. Kd3 1-0

[Event "Chigorin Memorial 2014"]
[Site "St Petersburg RUS"]
[Date "2014.10.23"]
[Round "6.80"]
[White "Korchagina, Viktoria"]
[Black "Sargissyan, Sargis"]
[Result "0-1"]
[WhiteTitle "WFM"]
[WhiteElo "2124"]
[BlackElo "2284"]
[WhiteFideId "4197224"]
[BlackFideId "13303210"]
[EventDate "2014.10.18"]

1. e4 c5 2. Nf3 d6 3. d4 cxd4 4. Nxd4 Nf6 5. Nc3 Bd7 6. f3 Qb6 7. Nb3 e6 8. Bf4
Nh5 9. Bg5 h6 10. Bd2 Be7 11. g3 Nc6 12. f4 Nf6 13. Qf3 e5 14. h3 Nd4 15. Nxd4
exd4 16. Nd5 Qxb2 17. Rd1 Nxd5 18. exd5 Bf5 19. Bd3 Bxd3 20. Qxd3 O-O 21. Qb3
Qxb3 22. cxb3 Rac8 23. Bb4 Bf6 24. Kd2 a5 25. Bxa5 Ra8 26. Bb4 Rxa2+ 27. Kd3 Ra6
28. Bd2 Rb6 29. b4 Ra8 30. Ra1 Rba6 31. Ra5 Bd8 32. Rxa6 Rxa6 33. Kxd4 Ra2 34.
Rd1 b5 35. Ke4 Bf6 36. f5 Rb2 37. Be1 Be5 38. Rc1 Kh7 39. Rd1 g6 40. fxg6+ Kxg6
41. Rd3 Re2+ 42. Re3 f5+ 43. Kf3 Rh2 44. Bc3 f4 45. Rd3 Rxh3 46. Bxe5 Rxg3+ 47.
Ke4 dxe5 0-1

[Event "Chigorin Memorial 2014"]
[Site "St Petersburg RUS"]
[Date "2014.10.23"]
[Round "6.82"]
[White "Sarana, Alexey"]
[Black "Menkov, Aleksandr"]
[Result "1/2-1/2"]
[WhiteElo "2411"]
[BlackElo "2170"]
[WhiteFideId "24133795"]
[BlackFideId "24160326"]
[EventDate "2014.10.18"]

1. e4 c5 2. Nf3 e6 3. b3 d5 4. exd5 exd5 5. Bb5+ Nc6 6. O-O Bd6 7. d4 Ne7 8. Ba3
Qb6 9. Nc3 O-O 10. Be2 Nxd4 11. Nxd4 cxd4 12. Bxd6 Qxd6 13. Qxd4 Bf5 14. Bf3
Bxc2 15. Rfc1 Bg6 16. h4 Rfd8 17. Nb5 Nc6 18. Qg4 h5 19. Nxd6 hxg4 20. Nxb7 gxf3
21. Rxc6 Rdc8 22. Rac1 Rxc6 23. Rxc6 fxg2 24. Nd6 Rd8 25. Kxg2 d4 26. Kf3 Bb1
27. Nc4 Bxa2 28. Nd2 Rb8 29. Ra6 Bxb3 30. Ke4 Be6 31. Rxa7 Rb2 32. Nf3 d3 33.
Kxd3 Rb3+ 34. Ke4 Bd5+ 35. Kxd5 Rxf3 36. Ra2 f5 37. Ke6 Kh7 38. Re2 Kg6 39. Re3
Rxf2 40. Rg3+ Kh5 41. Rxg7 Kxh4 42. Ke5 Rf3 43. Rf7 1/2-1/2

[Event "Chigorin Memorial 2014"]
[Site "St Petersburg RUS"]
[Date "2014.10.23"]
[Round "6.83"]
[White "Kalinin, Nikita"]
[Black "Dzhumagaliev, Yan"]
[Result "0-1"]
[BlackTitle "FM"]
[WhiteElo "2152"]
[BlackElo "2415"]
[WhiteFideId "24155390"]
[BlackFideId "24100110"]
[EventDate "2014.10.18"]

1. d4 Nf6 2. c4 e6 3. Nc3 Bb4 4. Nf3 c5 5. g3 cxd4 6. Nxd4 Ne4 7. Qd3 Qa5 8. Nb3
Qf5 9. Qe3 Nd6 10. c5 Ne4 11. Bg2 Nxc5 12. Nd4 Qf6 13. Nb5 Nca6 14. O-O O-O 15.
Ne4 Qe5 16. Qd3 d5 17. Ng5 f5 18. Bf4 Qf6 19. Nd4 Nc5 20. Qd1 Ne4 21. Nxe4 fxe4
22. Nb5 Na6 23. f3 Bc5+ 24. Kh1 e3 25. b4 Nxb4 26. Nc7 g5 27. Qc1 Qe7 28. a3
gxf4 29. axb4 Qxc7 30. bxc5 e5 31. Rg1 Kh8 32. gxf4 Rxf4 33. Qxe3 Be6 34. Qb3 a5
35. e4 Qc6 36. exd5 Bxd5 37. Qc3 Raf8 38. Rae1 Bxf3 39. Qe3 Bxg2+ 40. Rxg2 Rg4
41. Re2 Rf6 42. h3 Rxg2 43. Rxg2 Rg6 44. Qxe5+ Kg8 45. Qb8+ Kf7 46. Qf4+ Ke6 47.
Qe3+ Kf5 48. Qf2+ Ke5 49. Qb2+ Ke6 50. Qb3+ Qd5 51. Qxd5+ Kxd5 52. Rb2 Kc6 53.
Kh2 Rg7 0-1

[Event "Chigorin Memorial 2014"]
[Site "St Petersburg RUS"]
[Date "2014.10.23"]
[Round "6.84"]
[White "Delemarre, Jop"]
[Black "Kuzmin, Egor"]
[Result "1-0"]
[WhiteTitle "IM"]
[WhiteElo "2399"]
[BlackElo "2154"]
[WhiteFideId "1003704"]
[BlackFideId "24101737"]
[EventDate "2014.10.18"]

1. d4 Nf6 2. c4 e6 3. Nf3 Bb4+ 4. Nbd2 O-O 5. a3 Bxd2+ 6. Qxd2 d6 7. b3 b6 8. g3
Bb7 9. Bg2 Nbd7 10. O-O Qe7 11. Bb2 h6 12. Rfe1 a6 13. Nh4 Bxg2 14. Nxg2 c5 15.
dxc5 dxc5 16. Rad1 Rfd8 17. Qe3 Nf8 18. Nf4 Ra7 19. Rxd8 Qxd8 20. b4 Rc7 21. Be5
Rc8 22. Qb3 Ng4 23. Rd1 Qe8 24. Bb2 cxb4 25. axb4 Qc6 26. h3 Nf6 27. Bxf6 gxf6
28. Nh5 Qxc4 29. Qe3 Kh7 30. Nxf6+ Kg7 31. Qe5 Qc3 32. Rd4 Ng6 33. Nh5+ 1-0

[Event "Chigorin Memorial 2014"]
[Site "St Petersburg RUS"]
[Date "2014.10.23"]
[Round "6.85"]
[White "Lobanov, Sergei"]
[Black "Galaktionov, Artem"]
[Result "1-0"]
[WhiteElo "2377"]
[BlackElo "2131"]
[WhiteFideId "24183750"]
[BlackFideId "24175471"]
[EventDate "2014.10.18"]

1. e4 c6 2. d4 d5 3. exd5 cxd5 4. Bd3 Nc6 5. c3 g6 6. h3 Nf6 7. Nf3 Bg7 8. O-O
O-O 9. Bf4 Bd7 10. Nbd2 Qc8 11. Re1 Bf5 12. Bb5 Re8 13. Ne5 a6 14. Bf1 Nd7 15.
Qf3 Ndxe5 16. dxe5 d4 17. Nc4 dxc3 18. bxc3 Qe6 19. g4 Bc2 20. Ne3 g5 21. Bc4
Qg6 22. Bg3 Bd3 23. Rad1 Bxc4 24. Nxc4 Rad8 25. a4 Qc2 26. a5 Rxd1 27. Rxd1 Qa4
28. Qe2 Nxa5 29. Nxa5 Qxa5 30. Qe3 h6 31. Rd7 Rd8 32. e6 Rxd7 33. exd7 Qd8 34.
Qd3 e5 35. Qd5 Bf6 36. Qxb7 Kf8 37. c4 Qa5 38. c5 Bd8 39. Qd5 f6 40. f3 Kg7 41.
Bf2 Qb5 42. Kg2 a5 43. Qd6 Qb4 44. Qc6 a4 45. Qa8 Qa5 46. Qxa5 Bxa5 47. Be1 Bd8
48. Bb4 Kf7 49. c6 Ke6 50. Kf2 Kd5 51. Be7 Bb6+ 52. Ke2 Kxc6 53. d8=Q Bxd8 54.
Bxd8 a3 55. Ba5 Kb5 56. Bc3 Kc4 57. Kd2 Kb5 58. Kd3 Kc5 59. Bd2 Kb5 60. Be1 Kc5
61. Bc3 Kb5 62. Bd2 Kc5 63. Bc1 Kb4 64. Kc2 Ka4 65. Kc3 a2 66. Bb2 Kb5 67. Kd3
Kb4 68. Ba1 Kb3 69. Bc3 Ka4 70. Kc4 Ka3 71. Ba1 Ka4 72. Kd5 Kb3 73. Ke6 Kc2 74.
Kxf6 Kd3 75. Bxe5 Ke3 76. Kg6 Kxf3 77. Kxh6 Kg2 78. Kxg5 Kxh3 79. Kf5 1-0

[Event "Chigorin Memorial 2014"]
[Site "St Petersburg RUS"]
[Date "2014.10.23"]
[Round "6.86"]
[White "Sadovsky, Artem"]
[Black "Latyev, Yury"]
[Result "1-0"]
[WhiteElo "2364"]
[BlackElo "2108"]
[WhiteFideId "4155840"]
[BlackFideId "4104145"]
[EventDate "2014.10.18"]

1. g3 Nf6 2. Bg2 g6 3. e4 d6 4. d4 Bg7 5. Ne2 O-O 6. O-O e5 7. Nbc3 Nbd7 8. h3
a5 9. Be3 b6 10. d5 Nc5 11. a3 a4 12. b4 axb3 13. cxb3 Bd7 14. b4 Na4 15. Nxa4
Bxa4 16. Qd3 Bd7 17. a4 Bxa4 18. b5 Ra5 19. Nc3 Qa8 20. Qb1 Nd7 21. Ra3 Nc5 22.
Qb2 Nd3 23. Qb1 Nc5 24. Qb2 Nd3 25. Qe2 Nc5 26. Rfa1 Bb3 27. Qb2 Bc4 28. Qb4 Bd3
29. Rxa5 bxa5 30. Rxa5 Qb8 31. Bxc5 dxc5 32. Qxc5 Qb6 33. Qxb6 cxb6 34. Ra7 Rc8
35. d6 Bf8 36. d7 Rd8 37. Bf1 Bc2 38. Bc4 Bb4 39. Nd5 Bc5 40. Ra2 Bd1 41. Kg2
Kg7 42. Ra7 Be2 43. f3 f5 44. Nc7 Kf6 45. Ne6 Be7 46. Nxd8 Bxd8 47. Ra2 Bd1 48.
Rd2 Ba4 49. Kf2 f4 50. gxf4 exf4 51. Ke2 1-0